000 01033nam a22002297a 4500
999 _c961
_d961
003 AR-CdUCM
008 190226b ||||| |||| 00| 0 spa d
040 _aMUNICIPALIDAD PROVINCIAL DEL CUSCO
_cBIBLIOTECA MUNICIPAL DEL CUSCO
082 _a985.009 /
_bZ4V
_22 ed.
100 _aValcárcel , Luis Eduardo
_9980
245 _aGarcilaso el inca :
_bvisto desde el ángulo indio /
260 _aLima :
_bFondo Editorial Universidad Inca Garilaso de la Vega,
_c2016.
300 _a171 páginas ;
_bfotos ;
_c22 cm.
500 _aLectura en el Aula Magna de la Universidad Mayor de San Marcos. Lima, Perú el 12 de abril de 1939. IV Centenario del nacimiento de Garcilaso.
505 _aEl ángulo de Valcárcel -- La conciencia india -- El capitan Garcilaso de la Vega -- La Hispanidad de Garcilaso -- Garcilaso y Huamán Poma de Ayala ...
650 _a1539-1616
_93730
650 _aVirrey Toledo
_91375
650 _aReligiosidad
_93731
650 _aHistoria peruana
_91316
942 _2ddc
_cLIBROS
945 _araen
_d2019-02-26